[Event "IECG email"]
[Site "IECG email"]
[Date "2009.03.25"]
[Round "?"]
[White "Kissinger, Scott"]
[Black "Broniek, Mariusz Maciej"]
[Result "0-1"]
[WhiteElo "2265"]
[BlackElo "2269"]
[PlyCount "68"]
[EventDate "2009.03.25"]
[EventType "tourn (corr)"]
[EventRounds "6"]
[SourceTitle "Corr 2024"]
[Source "ChessBase"]
[SourceDate "2023.10.19"]
[SourceVersion "1"]
[SourceVersionDate "2023.10.19"]
[SourceQuality "1"]

1. e4 c5 2. Nf3 d6 3. d4 cxd4 4. Nxd4 Nf6 5. Nc3 a6 6. Be3 e6 7. g4 e5 8. Nf5 g6 9. g5 gxf5 10. exf5 d5 11. Qf3 d4 12. 0-0-0 Nbd7 13. Bxd4 exd4 14. Rxd4 Bc5 15. Rd1 Qc7 16. gxf6 Nxf6 17. Nd5 Nxd5 18. Rxd5 Rg8 19. Bc4 Be7 20. Bb3 Kf8 21. f6 Bd6 22. Rxd6 Qxd6 23. Rd1 Bg4 24. Qxg4 Qxf6 25. Qb4+ Kg7 26. Qxb7 Qxf2 27. Qh1 Kh8 28. Rf1 Qe2 29. Re1 Qh5 30. Rf1 Rac8 31. Qe4 Qc5 32. Bxf7 Rcf8 33. Bc4 Qg5+ 34. Kb1 Rxf1+ 0-1

[Event "IECG email"]
[Site "IECG email"]
[Date "2009.03.25"]
[Round "?"]
[White "Kissinger, Scott"]
[Black "Pires, Martin"]
[Result "1-0"]
[WhiteElo "2265"]
[BlackElo "2265"]
[PlyCount "41"]
[EventDate "2009.03.25"]
[EventType "tourn (corr)"]
[EventRounds "6"]
[SourceTitle "Corr 2024"]
[Source "ChessBase"]
[SourceDate "2023.10.19"]
[SourceVersion "1"]
[SourceVersionDate "2023.10.19"]
[SourceQuality "1"]

1. e4 c5 2. Nf3 Nc6 3. c3 d5 4. exd5 Qxd5 5. d4 Nf6 6. Be2 Bf5 7. 0-0 e6 8. Qa4 Be7 9. dxc5 0-0 10. b4 Qe4 11. Qd1 Nd5 12. Nbd2 Qc2 13. Qxc2 Bxc2 14. Bb2 Bf6 15. Rac1 Bf5 16. Ba1 Nf4 17. Rfe1 Bd3 18. Bd1 Bf5 19. Bc2 Bd3 20. Kh1 Ne2 21. Bxd3 1-0

[Event "IECG email"]
[Site "IECG email"]
[Date "2008.10.06"]
[Round "?"]
[White "Van Hooff, Ruud"]
[Black "Kissinger, Scott"]
[Result "1-0"]
[WhiteElo "2270"]
[BlackElo "2254"]
[PlyCount "67"]
[EventDate "2008.10.06"]
[EventType "tourn (corr)"]
[EventRounds "6"]
[SourceTitle "Corr 2024"]
[Source "ChessBase"]
[SourceDate "2023.10.19"]
[SourceVersion "1"]
[SourceVersionDate "2023.10.19"]
[SourceQuality "1"]

1. e4 e6 2. d4 d5 3. e5 c5 4. c3 Nc6 5. Nf3 Bd7 6. Be2 Nge7 7. Na3 cxd4 8. cxd4 Nf5 9. Nc2 Qb6 10. 0-0 Rc8 11. Bd3 h5 12. Bg5 Qxb2 13. Rb1 Qxa2 14. Rxb7 Rb8 15. Rxb8+ Nxb8 16. Bxf5 exf5 17. Ne3 Nc6 18. Qd3 Nb4 19. Qc3 Nc6 20. Ra1 Bb4 21. Rxa2 Bxc3 22. Nxd5 Ba5 23. Rc2 Bd8 24. Bxd8 Kxd8 25. Nf4 Nb4 26. Rc4 a5 27. Ng5 Ke8 28. Rc7 Rh6 29. d5 Rb6 30. h4 f6 31. Nf7 fxe5 32. Nxe5 Bb5 33. Ra7 a4 34. Nfg6 1-0

[Event "IECG RM.2002.0.00008"]
[Site "IECG email"]
[Date "2002.12.05"]
[Round "?"]
[White "Kissinger, Scott"]
[Black "Rheinstaedtler, Klaus"]
[Result "1/2-1/2"]
[WhiteElo "2272"]
[BlackElo "2273"]
[PlyCount "47"]
[EventDate "2002.12.05"]
[EventType "tourn (corr)"]
[EventRounds "5"]
[SourceTitle "Corr 2008"]
[Source "ChessBase"]
[SourceDate "2008.06.24"]
[SourceVersion "1"]
[SourceVersionDate "2008.06.24"]
[SourceQuality "1"]

1. d4 Nf6 2. c4 e6 3. Nf3 Bb4+ 4. Nbd2 b6 5. a3 Bxd2+ 6. Bxd2 d6 7. Bg5 h6 8. Bh4 Bb7 9. e3 Nbd7 10. Qc2 Qe7 11. Rd1 0-0 12. Bd3 c5 13. Qe2 e5 14. dxe5 Nxe5 15. Nxe5 dxe5 16. f3 e4 17. fxe4 Qe6 18. Bxf6 Qxf6 19. Qf2 Qxf2+ 20. Kxf2 Rfe8 21. Rd2 Re7 22. Rhd1 Bxe4 23. Bxe4 Rxe4 24. Rd8+ 1/2-1/2

[Event "IECG RM.2002.0.00008"]
[Site "IECG email"]
[Date "2002.12.05"]
[Round "?"]
[White "Sacerdotali, Sergio"]
[Black "Kissinger, Scott"]
[Result "1-0"]
[WhiteElo "2217"]
[BlackElo "2272"]
[PlyCount "51"]
[EventDate "2002.12.05"]
[EventType "tourn (corr)"]
[EventRounds "5"]
[SourceTitle "Corr 2008"]
[Source "ChessBase"]
[SourceDate "2008.06.24"]
[SourceVersion "1"]
[SourceVersionDate "2008.06.24"]
[SourceQuality "1"]

1. e4 c5 2. Nf3 d6 3. d4 cxd4 4. Nxd4 Nf6 5. Nc3 a6 6. Bg5 e6 7. Qd3 Nbd7 8. 0-0-0 b5 9. f4 Bb7 10. e5 dxe5 11. fxe5 Nxe5 12. Qg3 Ned7 13. Ndxb5 axb5 14. Bxb5 Bc8 15. Bxf6 gxf6 16. Rd4 Qb6 17. Rhd1 Ra7 18. a4 Rc7 19. Ne4 e5 20. Rd5 Be7 21. Qg7 Rf8 22. Kb1 Qe6 23. g4 Rc6 24. a5 h5 25. Bxc6 Qxc6 26. gxh5 1-0

[Event "IECG CP.1999.P.00012"]
[Site "IECG email"]
[Date "1999.10.01"]
[Round "?"]
[White "Downham, Simon"]
[Black "Kissinger, Scott"]
[Result "1-0"]
[WhiteElo "1976"]
[BlackElo "2375"]
[PlyCount "38"]
[EventDate "1999.10.01"]
[EventType "tourn (corr)"]
[EventRounds "6"]
[EventCountry "NED"]
[SourceTitle "Corr 2008"]
[Source "ChessBase"]
[SourceDate "2008.06.24"]
[SourceVersion "1"]
[SourceVersionDate "2008.06.24"]
[SourceQuality "1"]

1. d4 Nf6 2. c4 e6 3. Nc3 Bb4 4. e3 c5 5. Bd3 Nc6 6. Nf3 Bxc3+ 7. bxc3 d6 8. 0-0 e5 9. Nd2 0-0 10. Ba3 b6 11. Qf3 Bb7 12. Qh3 Re8 13. Rae1 e4 14. Bc2 Na5 15. Ba4 Re7 16. Bb5 Rc8 17. Qg3 Nh5 18. Qh4 Nf6 19. Qg3 Nh5 1-0

[Event "IECG CP.1999.P.00012"]
[Site "IECG email"]
[Date "1999.10.01"]
[Round "?"]
[White "Kissinger, Scott"]
[Black "Borst, John C"]
[Result "0-1"]
[WhiteElo "2375"]
[BlackElo "1927"]
[PlyCount "72"]
[EventDate "1999.10.01"]
[EventType "tourn (corr)"]
[EventRounds "6"]
[EventCountry "NED"]
[SourceTitle "Corr 2008"]
[Source "ChessBase"]
[SourceDate "2008.06.24"]
[SourceVersion "1"]
[SourceVersionDate "2008.06.24"]
[SourceQuality "1"]

1. e4 e6 2. d4 d5 3. e5 c5 4. c3 Nc6 5. Nf3 Qb6 6. Bd3 cxd4 7. cxd4 Bd7 8. 0-0 Nxd4 9. Nxd4 Qxd4 10. Nc3 a6 11. Qe2 Ne7 12. Kh1 Nc6 13. f4 Nb4 14. Bb1 Qa7 15. a3 Nc6 16. b4 Rc8 17. Bb2 Be7 18. Qg4 g6 19. Bd3 b5 20. Ne2 0-0 21. h4 f5 22. Qg3 Bd8 23. Ng1 Bb6 24. Nf3 Be8 25. Qe1 Rf7 26. Rd1 Rfc7 27. Ng5 Bd4 28. Qe2 Bxb2 29. Qxb2 Nd8 30. Nf3 Rc3 31. Ng1 Qd7 32. Ne2 R3c7 33. Nd4 Qe7 34. g3 Bc6 35. Nb3 Bb7 36. Nc5 Nc6 0-1

[Event "IECG CP.1999.P.00012"]
[Site "IECG email"]
[Date "1999.10.01"]
[Round "?"]
[White "Kissinger, Scott"]
[Black "Vinkes, Henk"]
[Result "0-1"]
[WhiteElo "2375"]
[BlackElo "1550"]
[PlyCount "49"]
[EventDate "1999.10.01"]
[EventType "tourn (corr)"]
[EventRounds "6"]
[EventCountry "NED"]
[SourceTitle "Corr 2008"]
[Source "ChessBase"]
[SourceDate "2008.06.24"]
[SourceVersion "1"]
[SourceVersionDate "2008.06.24"]
[SourceQuality "1"]

1. e4 e5 2. f4 d5 3. exd5 Qxd5 4. Nc3 Qe6 5. fxe5 Qxe5+ 6. Be2 Bg4 7. d4 Bxe2 8. Ngxe2 Qe6 9. 0-0 Nf6 10. Bg5 Be7 11. Nf4 Qd7 12. Nh5 Nxh5 13. Bxe7 Kxe7 14. Qxh5 f6 15. Rae1+ Kd8 16. Re3 Nc6 17. Nd5 Kc8 18. c4 g6 19. Qh4 f5 20. Rfe1 Rd8 21. Re7 Nxe7 22. Rxe7 Qd6 23. Qxh7 Rd7 24. Re8+ Rd8 25. Re6 0-1

[Event "IECG CP.1998.Q.00002"]
[Site "IECG email"]
[Date "1999.??.??"]
[Round "?"]
[White "Efendiyev, Enver Mikhailovich"]
[Black "Kissinger, Scott"]
[Result "1-0"]
[WhiteElo "2310"]
[BlackElo "2375"]
[PlyCount "45"]
[EventDate "1999.10.01"]
[EventType "tourn (corr)"]
[EventRounds "8"]
[EventCountry "YUG"]
[SourceTitle "Corr 2008"]
[Source "ChessBase"]
[SourceDate "2008.06.24"]
[SourceVersion "1"]
[SourceVersionDate "2008.06.24"]
[SourceQuality "1"]

1. e4 c5 2. Nf3 d6 3. d4 cxd4 4. Nxd4 Nf6 5. Nc3 a6 6. Bg5 e6 7. f4 Qb6 8. Nb3 Nbd7 9. Qf3 Be7 10. 0-0-0 Qc7 11. Bd3 b5 12. Kb1 Bb7 13. Rhe1 0-0-0 14. a4 b4 15. Na2 a5 16. c3 Nc5 17. cxb4 Nxb3 18. Bc2 Nc5 19. bxc5 dxc5 20. Nc3 Bc6 21. Nb5 Qb6 22. Qb3 Bxb5 23. axb5 1-0

[Event "IECG WC.2000.S.00005 email"]
[Site "IECG email"]
[Date "1999.??.??"]
[Round "?"]
[White "Hameister, Raik"]
[Black "Kissinger, Scott"]
[Result "1/2-1/2"]
[WhiteElo "1807"]
[BlackElo "2399"]
[PlyCount "60"]
[EventDate "1999.05.08"]
[EventType "tourn (corr)"]
[EventRounds "10"]
[SourceTitle "Corr 2008"]
[Source "ChessBase"]
[SourceDate "2008.06.24"]
[SourceVersion "1"]
[SourceVersionDate "2008.06.24"]
[SourceQuality "1"]

1. e4 c5 2. Nf3 d6 3. d4 cxd4 4. Nxd4 Nf6 5. Nc3 a6 6. Bc4 e6 7. 0-0 Nc6 8. Be3 Be7 9. Bb3 0-0 10. f4 Qc7 11. Qf3 Nxd4 12. Bxd4 b5 13. a3 Bb7 14. Rad1 Bc6 15. Qe2 e5 16. Be3 Rad8 17. Nd5 Nxd5 18. exd5 Bb7 19. a4 exf4 20. Rxf4 Rde8 21. Qd3 Bg5 22. Re4 Rxe4 23. Qxe4 Bxe3+ 24. Qxe3 Qd7 25. Rd4 Re8 26. Re4 Rxe4 27. Qxe4 f5 28. Qh4 Qe8 29. axb5 axb5 30. Kf2 Qe5 1/2-1/2

[Event "IECG CP.1998.Q.00002"]
[Site "IECG email"]
[Date "1999.??.??"]
[Round "?"]
[White "Karabalis, Harilos"]
[Black "Kissinger, Scott"]
[Result "1-0"]
[WhiteElo "2188"]
[BlackElo "2375"]
[PlyCount "49"]
[EventDate "1999.10.01"]
[EventType "tourn (corr)"]
[EventRounds "8"]
[EventCountry "YUG"]
[SourceTitle "Corr 2008"]
[Source "ChessBase"]
[SourceDate "2008.06.24"]
[SourceVersion "1"]
[SourceVersionDate "2008.06.24"]
[SourceQuality "1"]

1. e4 c5 2. Nf3 d6 3. d4 cxd4 4. Nxd4 Nf6 5. Nc3 a6 6. Be2 e5 7. Nb3 Be7 8. 0-0 Be6 9. f4 Qc7 10. a4 Nbd7 11. Kh1 0-0 12. g4 Bxb3 13. cxb3 Nc5 14. Bf3 exf4 15. Bxf4 h6 16. g5 hxg5 17. Bxg5 Ne6 18. Be3 Rac8 19. Rg1 Rfe8 20. Rg2 Qa5 21. Qd2 Qe5 22. Rag1 Bf8 23. Bf2 Qf4 24. Qd1 Qh6 25. Bg4 1-0

[Event "IECG WC.2000.S.00005 email"]
[Site "IECG email"]
[Date "1999.??.??"]
[Round "?"]
[White "Kissinger, Scott"]
[Black "Sasata, Robert"]
[Result "1-0"]
[WhiteElo "2399"]
[BlackElo "2331"]
[PlyCount "53"]
[EventDate "1999.05.08"]
[EventType "tourn (corr)"]
[EventRounds "10"]
[SourceTitle "Corr 2008"]
[Source "ChessBase"]
[SourceDate "2008.06.24"]
[SourceVersion "1"]
[SourceVersionDate "2008.06.24"]
[SourceQuality "1"]

1. e4 e5 2. Nf3 Nf6 3. d4 Nxe4 4. Bd3 d5 5. Nxe5 Bd6 6. 0-0 0-0 7. c4 Bxe5 8. dxe5 Nc6 9. f4 Bf5 10. Nc3 Nxc3 11. bxc3 Bxd3 12. Qxd3 dxc4 13. Qxc4 Qd7 14. Rb1 b6 15. Rb2 Rad8 16. Rd2 Qe6 17. Qe4 Rxd2 18. Bxd2 Rd8 19. Be3 Qd5 20. Qa4 Na5 21. Bf2 Nc4 22. Re1 a5 23. Qc2 h6 24. Bh4 Rd7 25. Qe2 Qc5+ 26. Bf2 Qc6 27. f5 1-0

[Event "IECG WC.2000.S.00005 email"]
[Site "IECG email"]
[Date "1999.??.??"]
[Round "?"]
[White "Kissinger, Scott"]
[Black "Winkler, Thorsten"]
[Result "1-0"]
[WhiteElo "2399"]
[BlackElo "2370"]
[PlyCount "80"]
[EventDate "1999.05.08"]
[EventType "tourn (corr)"]
[EventRounds "10"]
[SourceTitle "Corr 2008"]
[Source "ChessBase"]
[SourceDate "2008.06.24"]
[SourceVersion "1"]
[SourceVersionDate "2008.06.24"]
[SourceQuality "1"]

1. e4 c5 2. Nf3 Nc6 3. d4 cxd4 4. Nxd4 Nf6 5. Nc3 e5 6. Ndb5 d6 7. Bg5 a6 8. Na3 b5 9. Nd5 Be7 10. Bxf6 Bxf6 11. c3 0-0 12. Nc2 Bg5 13. a4 bxa4 14. Rxa4 Nb8 15. Bc4 Nd7 16. Ra2 Bb7 17. 0-0 Kh8 18. b4 a5 19. bxa5 Rxa5 20. Rxa5 Qxa5 21. Qg4 Qd8 22. Ncb4 Nc5 23. Ra1 Bc8 24. Qe2 f5 25. exf5 Bxf5 26. Na6 Ne4 27. f3 Nxc3 28. Nxc3 Qb6+ 29. Kf1 Qd4 30. Ra3 Rc8 31. Nb5 Qxc4 32. Qxc4 Rxc4 33. Nxd6 Rc1+ 34. Ke2 Bg6 35. Nc5 h5 36. Nce4 Rc2+ 37. Kf1 Bf4 38. g3 Bc1 39. Rc3 Rxc3 40. Nxc3 Bd3+ 1-0

[Event "IECG WC.2000.S.00005 email"]
[Site "IECG email"]
[Date "1999.??.??"]
[Round "?"]
[White "Larsson, Mats"]
[Black "Kissinger, Scott"]
[Result "1-0"]
[WhiteElo "2252"]
[BlackElo "2399"]
[PlyCount "69"]
[EventDate "1999.05.08"]
[EventType "tourn (corr)"]
[EventRounds "10"]
[SourceTitle "Corr 2008"]
[Source "ChessBase"]
[SourceDate "2008.06.24"]
[SourceVersion "1"]
[SourceVersionDate "2008.06.24"]
[SourceQuality "1"]

1. Nc3 d5 2. e4 d4 3. Nce2 e5 4. Ng3 Be6 5. Nf3 Nd7 6. c3 c5 7. Bb5 f6 8. 0-0 a6 9. Be2 Ne7 10. b3 Nb6 11. Nh4 Qd7 12. Ba3 Rc8 13. cxd4 cxd4 14. d3 g6 15. f4 exf4 16. Rxf4 Bg7 17. Rf1 0-0 18. Qd2 Rfe8 19. Rac1 Rxc1 20. Rxc1 Nbc8 21. Nf3 Nc6 22. Bb2 N8e7 23. Bd1 Kh8 24. Ne2 f5 25. Ng5 Be5 26. Rc5 Bd6 27. Rc1 Be5 28. Nf4 Bg8 29. Nf3 Bg7 30. Ne2 h6 31. Bc2 g5 32. Rf1 f4 33. h4 Bf6 34. hxg5 hxg5 35. Nxf4 1-0

[Event "IECG LM.1999.0.00002 email"]
[Site "IECG email"]
[Date "1999.??.??"]
[Round "?"]
[White "Simmelink, Joop Theo"]
[Black "Kissinger, Scott"]
[Result "1-0"]
[WhiteElo "2337"]
[BlackElo "2375"]
[PlyCount "81"]
[EventDate "1999.09.11"]
[EventType "tourn (corr)"]
[EventRounds "14"]
[SourceTitle "Corr 2008"]
[Source "ChessBase"]
[SourceDate "2008.06.24"]
[SourceVersion "1"]
[SourceVersionDate "2008.06.24"]
[SourceQuality "1"]

1. e4 c5 2. d4 cxd4 3. Nf3 d6 4. Nxd4 Nf6 5. Nc3 a6 6. Bg5 e6 7. f4 Qb6 8. Qd2 Qxb2 9. Rb1 Qa3 10. f5 Nc6 11. fxe6 fxe6 12. Nxc6 bxc6 13. Be2 Be7 14. Rb3 Qa5 15. 0-0 Ra7 16. Bxf6 gxf6 17. Qh6 Qg5 18. Qh3 Rb7 19. Rxb7 Bxb7 20. Qxe6 Rg8 21. Bf3 Qc5+ 22. Kh1 Rg5 23. Ne2 Qe5 24. Qh3 c5 25. Qxh7 f5 26. Ng3 fxe4 27. Nxe4 Bxe4 28. Qxe4 Qxe4 29. Bxe4 Re5 30. Bd3 a5 31. Bb5+ Kd8 32. g3 d5 33. Kg2 Kc7 34. h4 c4 35. Kh3 Re3 36. a4 Kb6 37. Rf5 Kc5 38. h5 Bd6 39. Rg5 Re2 40. h6 Rxc2 41. Be8 1-0

[Event "IECG CP.1998.P.00052"]
[Site "IECG email"]
[Date "1998.10.01"]
[Round "?"]
[White "Bedyk, Witek"]
[Black "Kissinger, Scott"]
[Result "0-1"]
[WhiteElo "800"]
[BlackElo "2205"]
[PlyCount "28"]
[EventDate "1998.10.01"]
[EventType "tourn (corr)"]
[EventRounds "6"]
[EventCountry "USA"]
[SourceTitle "Corr 2008"]
[Source "ChessBase"]
[SourceDate "2008.06.24"]
[SourceVersion "1"]
[SourceVersionDate "2008.06.24"]
[SourceQuality "1"]

1. e4 c5 2. Nf3 d6 3. d4 cxd4 4. Nxd4 Nf6 5. Nc3 a6 6. Bg5 e6 7. f4 Qb6 8. Qd2 Qxb2 9. Rb1 Qa3 10. e5 dxe5 11. fxe5 Nfd7 12. Bc4 Bb4 13. Rb3 Qa5 14. Bxe6 0-0 0-1

[Event "IECG CM.1998.0.00052"]
[Site "IECG email"]
[Date "1998.??.??"]
[Round "?"]
[White "Bartsch, Andreas"]
[Black "Kissinger, Scott"]
[Result "0-1"]
[WhiteElo "2252"]
[BlackElo "2205"]
[PlyCount "52"]
[EventDate "1998.06.25"]
[EventType "tourn (corr)"]
[EventRounds "6"]
[SourceTitle "Corr 2008"]
[Source "ChessBase"]
[SourceDate "2008.06.24"]
[SourceVersion "1"]
[SourceVersionDate "2008.06.24"]
[SourceQuality "1"]

1. e4 c5 2. d4 cxd4 3. f4 Nc6 4. Nf3 d5 5. e5 Bg4 6. h3 Bxf3 7. Qxf3 e6 8. a3 Nh6 9. Bd3 Qa5+ 10. Nd2 Nb4 11. 0-0 Nxd3 12. Qxd3 Nf5 13. b4 Qa6 14. Qxa6 bxa6 15. Bb2 a5 16. bxa5 h5 17. Rab1 Rc8 18. Rfc1 Kd7 19. Nb3 Rc4 20. Kf2 h4 21. Ke2 Rh6 22. Nd2 Rc7 23. Nb3 Rg6 24. Kf2 Rg3 25. Nxd4 Bc5 26. c3 Ne3 0-1

[Event "EXCLAM M05 corr"]
[Site "corr"]
[Date "1998.??.??"]
[Round "?"]
[White "Krueger, Hilmar"]
[Black "Kissinger, Scott"]
[Result "1/2-1/2"]
[WhiteElo "2350"]
[BlackElo "2230"]
[PlyCount "47"]
[EventDate "1998.??.??"]
[EventType "tourn (corr)"]
[EventRounds "9"]
[SourceTitle "Corr 2000"]
[Source "ChessBase"]
[SourceDate "2000.04.19"]
[SourceVersion "1"]
[SourceVersionDate "2000.04.19"]
[SourceQuality "1"]

1. e4 c5 2. Nf3 d6 3. d4 cxd4 4. Nxd4 Nf6 5. Nc3 a6 6. Bc4 e6 7. Bb3 b5 8. 0-0 Be7 9. Qf3 Qc7 10. Qg3 Nc6 11. Nxc6 Qxc6 12. Re1 Bb7 13. Qxg7 Rg8 14. Qh6 0-0-0 15. Qh3 Kb8 16. f3 Rg6 17. Be3 Rdg8 18. Re2 Bd8 19. a4 b4 20. Nd1 d5 21. Bf4+ Ka8 22. e5 Nd7 23. Ne3 Bc7 24. Rae1 1/2-1/2

[Event "IECG CM.1998.0.00052"]
[Site "IECG email"]
[Date "1998.??.??"]
[Round "?"]
[White "Muttoni, Guillermo Cesar"]
[Black "Kissinger, Scott"]
[Result "0-1"]
[WhiteElo "2380"]
[BlackElo "2205"]
[PlyCount "84"]
[EventDate "1998.06.25"]
[EventType "tourn (corr)"]
[EventRounds "6"]
[SourceTitle "Corr 2008"]
[Source "ChessBase"]
[SourceDate "2008.06.24"]
[SourceVersion "1"]
[SourceVersionDate "2008.06.24"]
[SourceQuality "1"]

1. d4 Nf6 2. c4 g6 3. Nc3 Bg7 4. e4 d6 5. Nf3 0-0 6. Be2 e5 7. 0-0 Nbd7 8. Qc2 c6 9. Rd1 exd4 10. Nxd4 Qe7 11. Nb3 Re8 12. f3 Ne5 13. Nd4 h6 14. b3 a6 15. Qd2 b5 16. Nc2 Rd8 17. Kh1 bxc4 18. bxc4 Be6 19. Nd4 Qe8 20. Nxe6 Qxe6 21. c5 d5 22. exd5 cxd5 23. Rb1 d4 24. Na4 d3 25. Bf1 Qc6 26. Nb6 Qxc5 27. Nxa8 Nfg4 28. fxg4 Nxg4 29. h3 Nf2+ 30. Kh2 Be5+ 31. g3 Bxg3+ 32. Kxg3 Ne4+ 33. Kg2 Nxd2 34. Bxd2 Rxa8 35. Rbc1 Qd5+ 36. Kg1 Re8 37. Bg2 Qxa2 38. Bxh6 Kh7 39. Bf4 Re2 40. Bf3 Qa4 41. Bh2 Rc2 42. Rf1 Qd4+ 0-1